Statistiques concernant Labels des rappeurs

Cliquez ici pour prendre le quiz!

Statistiques générales

  • Ce quiz a été pris 74 fois
  • Le résultat moyen est 6 sur 10

Statistiques - réponses

HintRéponse% Correct
Green Montana / SDM92i
81%
2zer / NekfeuSeine Zoo
77%
Infinit' / Alpha WannDon Dada
76%
Gambi / NinhoREC 118
71%
Georgio / PLKPanenka
55%
Rounhaa / LutherSUBLIME
55%
Jeune Mort / Sheldon75e Session
52%
K.S.A / Ratu$RPTG
42%
Sto / BekarNFR
37%
Khali / La FèvePALMER
35%

Distribution des résultats

Percentile par nombre de réponses

% des personnes avec chaque résultat

Votre développement - résultats

Vous n’avez pas pris ce quiz